00283nam a2200121Ia 4500008004100000041000900041082001500050100002100065245002400086260003500110300000800145650000800153230718s9999 xx 000 0 und d aEng. a287bALI-T aAli 9 Syed Amesh 4aThe Spirit of Islam aPakistanbmeel fub Sangec2002 a512 aLaw